| 000 | 01182cam a22002897i 4500 | ||
|---|---|---|---|
| 999 |
_c7674 _d7674 |
||
| 003 | OSt | ||
| 005 | 20200317141303.0 | ||
| 008 | 190110s2014 xxuab b 000 e eng d | ||
| 020 | _a9781941806456 (pbk.) | ||
| 040 |
_aBTCTA _beng _cBTCTA _erda _dYDXCP _dPAU _dOCLCF _dEYM _dBDX _dCNGUL _dOCLCQ _dUKMGB _dDLC |
||
| 082 | 0 | 4 |
_a712 _223 _bCAR |
| 245 | 0 | 0 | _aLandscapes of [sub]stance. |
| 246 | 3 | _aLandscape of substance | |
| 250 | _aFirst edition. | ||
| 300 |
_a123 pages : _billustrations (some color), maps (some color) ; _c27 cm |
||
| 500 | _a"Edited, designed, and produced by Landscape Architecture and Regional Planning students at the University of Pennsylvania School of Design." | ||
| 500 | _aMonograph. Originally conceived as the first issue in an annual series entitled: [Sub]stance journal. | ||
| 504 | _aIncludes bibliographical references. | ||
| 650 | 0 | _aLandscape architecture. | |
| 650 | 0 | _aRegional planning. | |
| 650 | 7 |
_aLandscape architecture. _2cct |
|
| 650 | 7 |
_aRegional planning. _2cct |
|
| 650 | 7 |
_aLandscape architecture. _2fast |
|
| 650 | 7 |
_aRegional planning. _2fast |
|
| 710 | 2 |
_aUniversity of Pennsylvania. _bSchool of Design, _eissuing body. |
|
| 942 | _2ddc | ||